Ελληνικός ρωμαντισμός
Saved in:
| Main Author: | |
|---|---|
| Format: | Book |
| Language: | Greek |
| Published: |
Αθήνα :
Ερμής,
1985
|
| Series: | Νεοελληνικά μελετήματα ;
; 7 |
| Subjects: | |
| Tags: |
Add Tag
No Tags, Be the first to tag this record!
|
MARC
| LEADER | 00000cam a2200000 i 4500 | ||
|---|---|---|---|
| 001 | 1/53801 | ||
| 008 | 941129s1985 gr | ||| |||| ||gre|| | ||
| 035 | |l 10027578 | ||
| 040 | |a GR-MY-UA |b gre |e aacr | ||
| 041 | 0 | |a gre | |
| 082 | 0 | |a 889.09 | |
| 100 | 1 | |a Δημαράς, Κωνσταντίνος Θ., |d 1904-1992. | |
| 245 | 1 | 0 | |a Ελληνικός ρωμαντισμός / |c Κ. Θ. Δημαράς |
| 260 | |a Αθήνα : |b Ερμής, |c 1985 | ||
| 300 | |a 650 σ. | ||
| 490 | 1 | |a Νεοελληνικά μελετήματα |v ; 7 | |
| 504 | |a Περιέχει ευρετήριο | ||
| 650 | 0 | 0 | |a Greek literature. |
| 650 | 0 | 0 | |a Romanticism |z Greece. |
| 650 | 0 | 0 | |a Greek letters, Modern. |
| 830 | 0 | |a Νεοελληνικά μελετήματα ; |v ; 7 | |
| 852 | |a INST |b CHIOS |e 19960508 |h 889.09 ΔΗΜ |p 005200003290 |q 005200003290 |t BK |y 0 | ||
| 852 | |a INST |b LESVOS |e 19941129 |h 889.04 ΔΗΜ |p 005100003316 |q 005100003316 |t BK |y 0 | ||
| 909 | |a Χ |b 017829 | ||
| 909 | |a Λ |b 024996 | ||